| 000 | 00472nam a2200205Ia 4500 | ||
|---|---|---|---|
| 008 | 210210b1951 xxu||||| |||| 00| 0 eng d | ||
| 041 | _aeng | ||
| 082 | _a020/7 | ||
| 100 | _aST JOSEPHS COLLEGE | ||
| 245 | _aCatalogue of the college library | ||
| 260 |
_aTiruchirapalli _bNot Mentioned _c1951 |
||
| 300 | _axii,971 | ||
| 650 | _athe | ||
| 650 | _aof | ||
| 650 | _alibrary | ||
| 650 | _acollege | ||
| 650 | _aCatalogue | ||
| 690 | _aCatalogues | ||
| 906 | _a000035 | ||
| 999 |
_c76563 _d76563 |
||